000 00437nam a2200181Ia 4500
001 20339
005 20260306172759.0
008 260306t2014||||xx |||||||||||||| ||spa||
041 _aESP
082 _a343.2
_bE386 T. 1
100 _aEto Cruz, Gerardo
_eAUT
245 0 _aTreinta año de jurisdicción constitucional en el Perú
260 _c2014
300 _a
_c
650 _aGEN
654 _aCDE
942 _cLIB
_dJUS
_fJUS
_2ddc
_n
999 _c20339
_d20339